| 000 | 01311nam0a22003131 4500 | ||
|---|---|---|---|
| 001 | rc\2288720 | ||
| 005 | 20250623072207.0 | ||
| 035 | _a(NLR Aleph) 006664923 | ||
| 090 |
_a4933183 _c4933183 |
||
| 100 | _a20110829d1979 |||y0rusy50 ca | ||
| 101 | 0 | _arus | |
| 102 | _aRU | ||
| 105 | _aa z ||||| | ||
| 200 | 1 |
_aТеоретические основы и методы изучения биофизических процессов у растений _eУчеб. пособие _fВ.А. Опритов, В.А. Калинин, В.Г. Ретивин |
|
| 210 |
_aГорький _cГГУ _d1979 |
||
| 215 |
_a54 с. _cил. _d21 |
||
| 300 | _aВ надзаг.: Горьков. гос. ун-т им. Н.И. Лобачевского | ||
| 320 | _aБиблиогр.: с. 52-53 (42 назв.) | ||
| 606 |
_aРастения _xБиофизические исследования _2rkp |
||
| 700 | 1 |
_aОпритов _bВ.А. _gВладимир Александрович |
|
| 701 | 1 |
_aРетивин _bВ.Г. _gВладимир Григорьевич |
|
| 701 | 1 |
_aКалинин _bВ.А. _gВеналий Александрович |
|
| 801 | 0 |
_aRU _bNLR _gpsbo |
|
| 801 | 1 |
_aRU _bELAR _2rusmarc |
|
| 852 |
_aNLR _j80-6/3543 |
||
| 899 |
_aRuMoRGB _jB 80-5/452 |
||
| 899 |
_aRuMoRGB _jB 80-5/453 |
||
| 942 | _cBOOK | ||
| 980 | _aNB | ||